| 000 -LEADER |
| fixed length control field |
00437cam a22001217a 4500 |
| 008 - FIXED-LENGTH DATA ELEMENTS--GENERAL INFORMATION |
| fixed length control field |
180718b-- xxu||||| |||| 00| 0 eng d |
| 082 ## - DEWEY DECIMAL CLASSIFICATION NUMBER |
| Classification number |
XA01x42 Un3 |
| 245 ## - TITLE STATEMENT |
| Title |
Parliamentary debates: house of commons official report |
| Statement of responsibility, etc. |
by Her Majesty's Stationary Office |
| 260 ## - PUBLICATION, DISTRIBUTION, ETC. |
| Place of publication, distribution, etc. |
London |
| Name of publisher, distributor, etc. |
Her Majesty's Statioanary Office |
| Date of publication, distribution, etc. |
-- |
| 300 ## - PHYSICAL DESCRIPTION |
| Extent |
-- |
| 650 ## - SUBJECT ADDED ENTRY--TOPICAL TERM |
| Topical term or geographic name entry element |
Northern Ireland --Politics and government. |
| 700 ## - ADDED ENTRY--PERSONAL NAME |
| Personal name |
U.K. Her Majesty's Statioanary Office |